10 bước thực hành quản lý thời gian = 10 steps to successful time management

Thông qua những phương pháp khoa học và mẹo quản lý thời gian hiệu quả, cuốn sách này sẽ giúp bạn: Dành thời gian để nhìn lại bản thân. Tránh những ý tưởng gây sao nhãng, và hạn chế rơi vào bẫy thời gian. Biết cách sử dụng thời gian hợp ly...

Volledige beschrijving

Bewaard in:
Bibliografische gegevens
Hoofdauteur: Maxey, Cyndi
Andere auteurs: O'Connor, Kevin E., Xanh (Dịch)
Formaat: Boek
Taal:Vietnamese
Gepubliceerd in: H. Hồng Đức 2022
Onderwerpen:
Tags: Voeg label toe
Geen labels, Wees de eerste die dit record labelt!
Thư viện lưu trữ: Thư viện Trường Đại học Nam Cần Thơ
LEADER 01966nam a22002657a 4500
001 NCT_4_009631
008 240617b xxu||||| |||| 00| 0 vie d
999 |c 8424  |d 8424 
020 |a 9786043519358  |c 85000 
082 0 4 |2 23rd ed.  |a 650.11  |b M463 
100 1 |a Maxey, Cyndi 
245 1 0 |a 10 bước thực hành quản lý thời gian =  |b 10 steps to successful time management  |c Cyndi Maxey, Kevin E. O'Connor; Xanh (dịch) 
260 |a H.  |b Hồng Đức  |c 2022 
300 |a 223 tr.  |c 21cm 
520 3 |a Thông qua những phương pháp khoa học và mẹo quản lý thời gian hiệu quả, cuốn sách này sẽ giúp bạn: Dành thời gian để nhìn lại bản thân. Tránh những ý tưởng gây sao nhãng, và hạn chế rơi vào bẫy thời gian. Biết cách sử dụng thời gian hợp lý.Thích ứng với tốc độ của người khác để tăng cường mức độ hữu ích của bản thân 
653 |a Quản trị kinh doanh 
700 1 |a O'Connor, Kevin E. 
700 0 |a Xanh  |e Dịch 
942 |2 ddc  |c BK 
952 |0 0  |1 0  |2 ddc  |4 0  |6 650_110000000000000_M463  |7 0  |9 29076  |a 000001  |b 000001  |d 2024-06-17  |o 650.11 M463  |p MD.22446  |r 2024-06-17  |v 85000.00  |w 2024-06-17  |y BK 
952 |0 0  |1 0  |2 ddc  |4 0  |6 650_110000000000000_M463  |7 0  |9 29077  |a 000001  |b 000001  |d 2024-06-17  |o 650.11 M463  |p MD.22447  |r 2024-06-17  |v 85000.00  |w 2024-06-17  |y BK 
952 |0 0  |1 0  |2 ddc  |4 0  |6 650_110000000000000_M463  |7 0  |9 29078  |a 000001  |b 000001  |d 2024-06-17  |o 650.11 M463  |p MD.22448  |r 2024-06-17  |v 85000.00  |w 2024-06-17  |y BK 
952 |0 0  |1 0  |2 ddc  |4 0  |6 650_110000000000000_M463  |7 0  |9 29079  |a 000001  |b 000001  |d 2024-06-17  |o 650.11 M463  |p MD.22449  |r 2024-06-17  |v 85000.00  |w 2024-06-17  |y BK 
952 |0 0  |1 0  |2 ddc  |4 0  |6 650_110000000000000_M463  |7 0  |9 29080  |a 000001  |b 000001  |d 2024-06-17  |o 650.11 M463  |p MD.22450  |r 2024-06-17  |v 85000.00  |w 2024-06-17  |y BK 
980 |a Thư viện Trường Đại học Nam Cần Thơ